000
00299pam a2200145 a 4500
020
_c
041
_h
100
_a
Harry Frank and
245
_a
Statistics Concepts and applications
260
_c
1995
300
_a
853
653
_a
Statistics
700
_a
Steven C. Althoen
930
_a
1017
999
_c
246870
_d
246870